Professional conduct for chartered surveyors (Record no. 102602)

MARC details
000 -LEADER
fixed length control field 01551cam a2200349 4500
008 - FIXED-LENGTH DATA ELEMENTS--GENERAL INFORMATION
fixed length control field 030113n2004 000 0 eng u
020 ## - INTERNATIONAL STANDARD BOOK NUMBER
International Standard Book Number 1842191292
035 ## - SYSTEM CONTROL NUMBER
System control number (Sirsi) u120997
041 ## - LANGUAGE CODE
Language code of text/sound track or separate title eng
050 ## - LIBRARY OF CONGRESS CALL NUMBER
Classification number 333.0062
-- 18
100 ## - MAIN ENTRY--PERSONAL NAME
Personal name Williams, Geoffrey
245 ## - TITLE STATEMENT
Title Professional conduct for chartered surveyors
Remainder of title a practical guide
260 ## - PUBLICATION, DISTRIBUTION, ETC.
Place of publication, distribution, etc. Coventry
Name of publisher, distributor, etc. RICS
Date of publication, distribution, etc. 2004
300 ## - PHYSICAL DESCRIPTION
Extent xiv,118p.
Dimensions 21cm.
350 ## - PRICE (NR) (BK AM CF MU VM SE) [OBSOLETE]
Price 24.95
520 ## - SUMMARY, ETC.
Summary, etc. This book puts the RICS Bye Laws, Regulations and Rules of Conduct into a practical context, concentrating on the areas that commonly arise at disciplinary hearings and explaining how such problems can be avoided. Contains chapters on: conduct unbefitting; lifelong learning; disciplinary structures and procedures; accounts; financial responsibilities; relations with the Institution; relations with clients; and professional indemnity insurance. Essential reading for chartered surveyors and employers of chartered surveyors.
520 ## - SUMMARY, ETC.
Summary, etc. Superseded by second edition (ISBN 9781842196267)
650 ## - SUBJECT ADDED ENTRY--TOPICAL TERM
Topical term or geographic name entry element ABOUT RICS-RICS MEMBERS
650 ## - SUBJECT ADDED ENTRY--TOPICAL TERM
Topical term or geographic name entry element CLIENT RELATIONS
650 ## - SUBJECT ADDED ENTRY--TOPICAL TERM
Topical term or geographic name entry element DISCIPLINARY PROCEDURES
650 ## - SUBJECT ADDED ENTRY--TOPICAL TERM
Topical term or geographic name entry element Insolvency
9 (RLIN) 6247
650 ## - SUBJECT ADDED ENTRY--TOPICAL TERM
Topical term or geographic name entry element LIFELONG LEARNING
650 ## - SUBJECT ADDED ENTRY--TOPICAL TERM
Topical term or geographic name entry element PROFESSIONAL CONDUCT
650 ## - SUBJECT ADDED ENTRY--TOPICAL TERM
Topical term or geographic name entry element PROFESSIONAL INDEMNITY INSURANCE
650 ## - SUBJECT ADDED ENTRY--TOPICAL TERM
Topical term or geographic name entry element RICS BYE-LAWS
650 ## - SUBJECT ADDED ENTRY--TOPICAL TERM
Topical term or geographic name entry element RICS MEMBERS' ACCOUNTS RULES
650 ## - SUBJECT ADDED ENTRY--TOPICAL TERM
Topical term or geographic name entry element RICS REGULATIONS
650 ## - SUBJECT ADDED ENTRY--TOPICAL TERM
Topical term or geographic name entry element RICS RULES OF CONDUCT
690 ## - LOCAL SUBJECT ADDED ENTRY--TOPICAL TERM (OCLC, RLIN)
Topical term or geographic name as entry element MANAGEMENT-BUSINESS MANAGEMENT-PROFESSIONAL PRACTICE
942 ## - ADDED ENTRY ELEMENTS (KOHA)
Suppress in OPAC 0
Holdings
Withdrawn status Lost status Source of classification or shelving scheme Damaged status Not for loan Home library Current library Shelving location Date acquired Total Checkouts Full call number Barcode Date last seen Date last checked out Copy number Price effective from Koha item type Cost, normal purchase price Cost, replacement price
    Dewey Decimal Classification     London London Books 17/11/2004 33 333.0062 WIL 30069626 06/08/2019 04/03/2010 3 06/08/2019 Reference material    
  Missing       London London Missing 18/02/2005 33 333.0062 WIL 30062771 06/08/2019 15/10/2009 5 06/08/2019 Book 14.97 14.97
    Dewey Decimal Classification     London London Basement 18/02/2005 38 333.0062 WIL 30062769 06/08/2019 11/11/2009 7 06/08/2019 Book 14.97 14.97